000 00794nas a2200277 4500
001 BR9701199
003 BR-BrBNA
005 20231205100019.0
007 ta
008 230509b bl.|||p| |||| 00| 00por d
040 _aBR-BrBNA
_bpor
_cBiblioteca Nacional de Agricultura
041 _a(Pt)
072 _aJ11
100 1 _aCarvalho, H.A. de
100 1 _aChitarra, M.I.F.
100 1 _aChitarra, A.B.
100 1 _aMenezes, J.B.
245 1 _aVida util pos-colheita de melao "yellow king"
650 _aMelao
650 _aQualidade
650 _aArmazenamento
650 _aPos-Colheita
773 0 _tRevista Brasileira de Fruticultura (Brazil)
_xISSN 0100-2945
_g(Dec 1995), v. 17(3) p. 111-118
_wBR9701199
909 _a202311
_bLúcia
_c55
_dLúcia Elande
942 _2AGRIS
_n0
_cANA
999 _c153903
_d153903